000 00716nam a2200193Ia 4500
003 GCL
008 140319s9999 xx 000 0 ara d
040 _aGCL /
_cGCL
082 0 4 _a637
_bا م
100 1 _aابراهيم عبدالله زيدان
245 1 0 _aالمواصفات القياسية لمنتجات الالبان الغذائية بين الواقع والمأمول /
_cابراهيم عبدالله زيدان
260 _aالقاهرة :
_bمكتبة بستان المعرفة ،
_c2004
300 _a495 ص ؛
_c24 سم
650 0 4 _aالجينية
650 0 4 _aالقشدة
650 0 4 _aاللبن الزبادى
650 0 4 _aمنتجات الالبان - رقابة
942 _2ddc
_cBK
999 _c6257
_d6257